| 000 | 00685nam a2200205 a 4500 | ||
|---|---|---|---|
| 001 | 000040328 | ||
| 005 | 20201002034048.0 | ||
| 008 | 130821s2005 mx 000 0 spa d | ||
| 020 | _a9703223931 | ||
| 040 |
_aDO-SdBNP _bspa _cBNPHU |
||
| 100 | 1 |
_aMonterde, Francisco _942148 |
|
| 245 | 1 | 3 |
_aEl Mayor Fidel García / _cFrancisco Monterde ; viñetas de F. Monterde Fernandez. |
| 260 |
_aMéxico : _bUniversidad Nacional Autónoma de México, _c2005. |
||
| 300 |
_a37 p. ; _c22 cm. |
||
| 490 | 1 |
_aLunes _v27 |
|
| 533 |
_aFacsímil: _bMéxico _d1946 |
||
| 700 | 1 |
_aMonterde Fernandez, Francisco _966624 |
|
| 712 | 0 | _aUniversidad Nacional Autónoma de México | |
| 830 | 0 |
_aLunes _v27 _966616 |
|
| 999 |
_c39818 _d39818 |
||